[Event "Stay Safe Play From Home 292"]
[Site "Emanuel Lasker Arena"]
[Date "2020.07.10"]
[Round "6"]
[White "Greblah"]
[Black "Grazie"]
[Result "0-1"]
[WhiteElo "1894"]
[BlackElo "1942"]
[Annotator "TA"]
[PlyCount "120"]
[EventDate "2020.07.10"]
[EventType "swiss (blitz)"]

{[%evp 9,120,0,26,21,64,47,66,-296,-291,-436,-429,-422,-8,-8,11,4,20,0,0,-27,-41,-54,-54,-61,-41,-38,-35,-89,-92,-132,-143,-136,-42,-137,-136,-151,-106,-122,-112,-135,-121,-120,-123,-130,-125,-138,-135,-141,-129,-138,-105,-141,-114,-279,-136,-197,-165,-204,-177,-201,-181,-302,-262,-251,-170,-157,-56,-190,0,-8,6,3,3,3,3,3,3,3,4,7,20,20,75,66,70,62,75,0,0,0,0,0,0,0,0,-900,-5,-801,-6,-29981,-29982,-29983,-29982,-29984,-29985,-29985,-29986,-29986,-29987,-29987,-29987,-29987,-29988]} 1. e4 e6 2. Qe2 d5 3. exd5 Qxd5 4. Nc3 Qa5 5. g3 Nf6 6. Bg2 {C00: French: Unusual White 2nd moves.} c6 7. Nf3 Bb4 {[#]} 8. d3 $146 {[%mdl 8192]} (8. Ne4 $14 {keeps the upper hand.}) ({Predecessor:} 8. O-O O-O 9. Ne4 Nbd7 10. c3 Be7 11. d4 Nxe4 12. Qxe4 Nf6 13. Qc2 Qc7 14. b3 {1-0 (66) De Niet,S (1792)-Geboers,J (1927) Maastricht 2011}) 8... Bxc3+ $19 9. bxc3 (9. Nd2 {was called for.} Bxd2+ 10. Bxd2) 9... Qxc3+ {[%mdl 64] Double Attack} 10. Qd2 Qxd2+ $2 (10... Qxa1 $19 11. c4 Nbd7) 11. Bxd2 $11 Nbd7 12. O-O $36 {[%mdl 2048] White has some pressure.} O-O 13. Rfe1 b6 14. Rab1 Bb7 15. Ne5 Nxe5 16. Rxe5 Nd7 17. Re2 Rab8 18. Bb4 (18. d4 $15) 18... c5 $17 19. Ba3 Bxg2 20. Kxg2 Nf6 (20... Rfc8 $17 21. Rd1 b5) 21. f4 (21. d4 $1 $15) 21... Nd5 {Strongly threatening ...Nc3.} 22. Rbe1 Rbd8 23. Bb2 h6 24. h3 Nb4 25. a3 Nc6 26. Kf3 Nd4+ 27. Bxd4 Rxd4 {[%mdl 4096] Endgame KRR-KRR} 28. Re4 Rfd8 29. g4 Kf8 30. R1e3 Rxe4 31. Kxe4 $2 {KR-KR} (31. Rxe4 $17 Ke7 32. f5) 31... Rd6 (31... Rd4+ $1 $19 {has better winning chances.} 32. Kf3 Ra4) 32. c4 (32. Kf3 $17 {is a better defense.}) 32... Ke7 33. Kf3 f6 34. f5 e5 35. h4 (35. Ke2 {keeps fighting.}) 35... Kd7 36. g5 hxg5 37. hxg5 Kc6 (37... Ke7 $17 38. g6 Rd4) 38. gxf6 (38. Kg4 $1 $15) 38... Rxf6 $2 (38... gxf6 $19 {And now ...b5 would win.} 39. Ke2 Rd4) 39. Ke4 Kd6 40. Rg3 Rf7 41. Rg6+ Kd7 42. Kxe5 Re7+ 43. Kf4 Rf7 44. Kg5 Kc7 45. Re6 Kb7 {[#]} (45... a6 $11) 46. Kg6 $1 $16 {[%cal Rg6f7]} Rd7 47. Re5 a6 {[#]} 48. Re6 (48. a4 $1 $16) 48... b5 $11 49. cxb5 axb5 50. Re5 Kc6 {White must now prevent ...b4.} 51. Re6+ $1 Kd5 {...c4 is the strong threat.} 52. Kg5 $2 {[%mdl 8192]} (52. Rb6 $11) 52... b4 $2 ({Black should play} 52... c4 $19 53. dxc4+ bxc4) 53. Rg6 $2 {[%mdl 8192]} (53. Rb6 $11) 53... bxa3 $2 ({Black should try} 53... Rb7 $19 {Hoping for ...b3.} 54. axb4 cxb4) 54. f6 $2 {[%mdl 8192]} (54. Ra6 $11) 54... gxf6+ {Black mates.} 55. Rxf6 Ra7 56. Rf5+ Kd4 57. Rf1 a2 58. Ra1 Kxd3 59. Kf4 c4 60. Ke5 c3 {Accuracy: White = 52%, Black = 58%.} 0-1

[Event "Stay Safe Play From Home 292"]
[Site "Emanuel Lasker Arena"]
[Date "2020.07.10"]
[Round "6"]
[White "Chase the sun"]
[Black "Bardellosport"]
[Result "0-1"]
[WhiteElo "1833"]
[BlackElo "1941"]
[Annotator "TA"]
[PlyCount "50"]
[EventDate "2020.07.10"]
[EventType "swiss (blitz)"]

{[%evp 9,50,64,195,-8,-8,-23,0,-54,-35,-69,37,0,0,-57,-43,-93,-73,-180,-168,-295,-200,-256,-187,-580,-576,-601,-533,-994,-1009,-1020,-1012,-1337,-1400,-1748,-1709,-1793,-1708,-1964,-1772,-2254,-1662,-29986,-29986]} 1. e4 e6 2. b3 d5 3. Bb2 c6 4. Nc3 {[#]} f5 $146 ({Predecessor:} 4... Nf6 5. e5 Nfd7 6. Qe2 c5 7. f4 Nc6 8. Nf3 Be7 9. g3 a6 10. Bg2 b5 11. a4 {1-0 (68) Woloch,O (2110)-Wierzbicki,M (1687) Suwalki 2015}) 5. exd5 exd5 {[#]} (5... cxd5 $14 6. Nf3 Nc6) 6. d3 $2 {C00: French: Unusual White 2nd moves.} ({Only move:} 6. Qh5+ $1 $18 g6 7. Qe2+ Kf7 {[#]} 8. Nxd5 $1 {[%mdl 512]} cxd5 9. Bxh8) 6... Nf6 7. Qd2 Bd6 8. O-O-O (8. Nf3 $11) 8... O-O $15 9. Nf3 g6 (9... Bb4 $15 10. a3 Ba5) 10. h4 Nbd7 {[%cal Bb8d7,Bd7f6,Bf6g4][%mdl 32]} 11. h5 ({Better is} 11. Kb1 $11) 11... Nxh5 12. Rxh5 gxh5 13. Ng5 (13. g3 $17) 13... Nf6 14. f3 (14. Ne2 $142) 14... Qe8 15. Kb1 Qg6 16. g4 $2 (16. f4) 16... fxg4 $19 17. fxg4 Nxg4 {Strongly threatening ...Bf4.} 18. Be2 Bf4 {[%mdl 64] Double Attack} 19. Qe1 Bxg5 20. Bxg4 Bxg4 21. a4 Bxd1 22. Qxd1 h4 23. Ne2 Bf6 24. Nd4 Qg7 25. Qf1 Bxd4 {[%mdl 64] Discovered Attack. Accuracy: White = 20%, Black = 63%.} 0-1

[Event "Stay Safe Play From Home 292"]
[Site "Emanuel Lasker Arena"]
[Date "2020.07.10"]
[Round "6"]
[White "Haris kollari 13"]
[Black "Lazieri3"]
[Result "0-1"]
[WhiteElo "1716"]
[BlackElo "2074"]
[Annotator "NA"]
[PlyCount "80"]
[EventDate "2020.07.10"]
[EventType "swiss (blitz)"]

1. e4 {[%emt 0:00:01]} c6 {[%emt 0:00:00]} 2. f4 {[%emt 0:00:01]} d5 {[%emt 0:00:00]} 3. e5 {[%emt 0:00:00]} c5 {[%emt 0:00:01]} 4. c3 {[%emt 0:00:01]} d4 {[%emt 0:00:01]} 5. c4 {[%emt 0:00:01]} Nc6 {[%emt 0:00:02]} 6. d3 {[%emt 0:00:01]} f6 {[%emt 0:00:02]} 7. exf6 {[%emt 0:00:03]} Nxf6 {[%emt 0:00:00]} 8. Nf3 {[%emt 0:00:01]} Bg4 {[%emt 0:00:01]} 9. Be2 {[%emt 0:00:01]} e6 {[%emt 0:00:01]} 10. O-O {[%emt 0:00:01]} Bd6 {[%emt 0:00:00]} 11. h3 {[%emt 0:00:01]} Bxf3 {[%emt 0:00:01]} 12. Bxf3 {[%emt 0:00:01]} Qc7 {[%emt 0:00:00]} 13. g3 {[%emt 0:00:02]} O-O {[%emt 0:00:02]} 14. Kg2 {[%emt 0:00:01]} e5 {[%emt 0:00:01]} 15. Bxc6 {[%emt 0:00:06]} Qxc6+ {[%emt 0:00:01]} 16. Qf3 {[%emt 0:00:01]} Qxf3+ {[%emt 0:00:01]} 17. Rxf3 {[%emt 0:00:01]} exf4 {[%emt 0:00:00]} 18. Bxf4 {[%emt 0:00:04]} Bxf4 {[%emt 0:00:02]} 19. Rxf4 {[%emt 0:00:01]} Rae8 {[%emt 0:00:01]} 20. Nd2 {[%emt 0:00:08]} Re2+ {[%emt 0:00:01]} 21. Rf2 {[%emt 0:00:01]} Rxf2+ {[%emt 0:00:01]} 22. Kxf2 {[%emt 0:00:01]} Ne4+ {[%emt 0:00:01]} 23. Ke1 {[%emt 0:00:03]} Nxd2 {[%emt 0:00:06]} 24. Kxd2 {[%emt 0:00:01]} Rf2+ {[%emt 0:00:00]} 25. Ke1 {[%emt 0:00:01]} Rh2 {[%emt 0:00:03]} 26. Rd1 {[%emt 0:00:01]} Rxh3 {[%emt 0:00:02]} 27. Kf2 {[%emt 0:00:01]} Rh2+ {[%emt 0:00:02]} 28. Kf3 {[%emt 0:00:01]} Rxb2 {[%emt 0:00:00]} 29. Ke4 {[%emt 0:00:01]} Rxa2 {[%emt 0:00:01]} 30. Kd5 {[%emt 0:00:01]} b6 {[%emt 0:00:01]} 31. Re1 {[%emt 0:00:03]} h5 {[%emt 0:00:02]} 32. Re7 {[%emt 0:00:02]} Kh7 {[%emt 0:00:01]} 33. Re5 {[%emt 0:00:02]} g6 {[%emt 0:00:02]} 34. Re6 {[%emt 0:00:01]} Kh6 {[%emt 0:00:00]} 35. Kd6 {[%emt 0:00:01]} Rd2 {[%emt 0:00:02]} 36. Re7 {[%emt 0:00:02]} Rxd3 {[%emt 0:00:01]} 37. Rxa7 {[%emt 0:00:00]} Rc3 {[%emt 0:00:00]} 38. Kd5 {[%emt 0:00:00]} d3 {[%emt 0:00:00]} 39. Ra1 {[%emt 0:00:01]} d2 {[%emt 0:00:01]} 40. Rd1 {[%emt 0:00:00]} Rd3+ {[%emt 0:00:01] Time (Lag: Av=0.56s, max=0.8s)} 0-1

[Event "Stay Safe Play From Home 292"]
[Site "Emanuel Lasker Arena"]
[Date "2020.07.10"]
[Round "6"]
[White "Klasman"]
[Black "UHU4"]
[Result "0-1"]
[WhiteElo "1382"]
[BlackElo "1437"]
[Annotator "NA RC"]
[PlyCount "50"]
[EventDate "2020.07.10"]
[EventType "swiss (blitz)"]

{- Manoc a, Calota} 1. f4 {[%emt 0:00:01]} d5 {[%emt 0:00:01]} 2. Nf3 {[%emt 0:00:01]} Nc6 {[%emt 0:00:01]} 3. e3 {[%emt 0:00:01]} Bg4 {[%emt 0:00:01]} 4. d4 {[%emt 0:00:02]} Nf6 {[%emt 0:00:02]} 5. c4 {[%emt 0:00:01]} e6 {[%emt 0:00:01]} 6. Be2 {[%emt 0:00:04]} Bd6 {[%emt 0:00:02]} 7. c5 {[%emt 0:00:03]} Be7 {[%emt 0:00:01]} 8. Qb3 {[%emt 0:00:01]} Qd7 {[%emt 0:00:03]} 9. Ne5 {[%emt 0:00:05]} Nxe5 {[%emt 0:00:04]} 10. fxe5 {[%emt 0:00:01]} Bxe2 {[%emt 0:00:01]} 11. exf6 {[%emt 0:00:03]} Bc4 {[%emt 0:00:01]} 12. Qxb7 {[%emt 0:00:02]} O-O {[%emt 0:00:06]} 13. fxe7 {[%emt 0:00:01]} Qxe7 {[%emt 0:00:01]} 14. Nc3 {[%emt 0:00:04]} Qg5 {[%emt 0:00:03]} 15. Bd2 {[%emt 0:00:06]} Qxg2 {[%emt 0:00:05]} 16. Kd1 {[%emt 0:00:08]} Qxh1+ {[%emt 0:00:02]} 17. Kc2 {[%emt 0:00:02]} Qxh2 {[%emt 0:00:02]} 18. Qxc7 {[%emt 0:00:02]} Rfc8 {[%emt 0:00:04]} 19. Qxc8+ {[%emt 0:00:01]} Rxc8 {[%emt 0:00:02]} 20. Re1 {[%emt 0:00:02]} Qh4 {[%emt 0:00:02]} 21. b3 {[%emt 0:00:01]} Ba6 {[%emt 0:00:03]} 22. a4 {[%emt 0:00:02]} Qf6 {[%emt 0:00:02]} 23. Rg1 {[%emt 0:00:02]} Rxc5 {[%emt 0:00:02]} 24. dxc5 {[%emt 0:00:02]} d4 {[%emt 0:00:01]} 25. Rxg7+ {[%emt 0:00:01]} Kxg7 {[%emt 0:00:01] Time (Lag: Av=0.49s, max=1.2s)} 0-1

[Event "Stay Safe Play From Home 292"]
[Site "Emanuel Lasker Arena"]
[Date "2020.07.10"]
[Round "7"]
[White "Mepe_Nika"]
[Black "Grazie"]
[Result "1-0"]
[WhiteElo "2369"]
[BlackElo "1956"]
[Annotator "RC"]
[PlyCount "37"]
[EventDate "2020.07.10"]
[EventType "swiss (blitz)"]

1. d4 {[%emt 0:00:01]} e6 {[%emt 0:00:01]} 2. Bf4 {[%emt 0:00:01]} d5 {[%emt 0:00:00]} 3. e3 {[%emt 0:00:01]} Bd6 {[%emt 0:00:00]} 4. Bxd6 {[%emt 0:00:00]} Qxd6 {[%emt 0:00:01]} 5. c4 {[%emt 0:00:00]} a6 {[%emt 0:00:02]} 6. Nc3 {[%emt 0:00:01]} dxc4 {[%emt 0:00:00]} 7. Bxc4 {[%emt 0:00:01]} b5 {[%emt 0:00:00]} 8. Bd3 {[%emt 0:00:00]} Bb7 {[%emt 0:00:01]} 9. Qg4 {[%emt 0:00:01]} g6 {[%emt 0:00:02]} 10. Nf3 {[%emt 0:00:01]} Nd7 {[%emt 0:00:01]} 11. O-O {[%emt 0:00:02]} Ngf6 {[%emt 0:00:01]} 12. Qg3 {[%emt 0:00:01]} Qxg3 {[%emt 0:00:02]} 13. hxg3 {[%emt 0:00:00]} c5 {[%emt 0:00:01]} 14. Rac1 {[%emt 0:00:03]} Bxf3 {[%emt 0:00:01]} 15. gxf3 {[%emt 0:00:00]} cxd4 {[%emt 0:00:00]} 16. exd4 {[%emt 0:00:00]} Rc8 {[%emt 0:00:01]} 17. Ne4 {[%emt 0:00:01]} Nxe4 {[%emt 0:00:01]} 18. Rxc8+ {[%emt 0:00:01]} Ke7 {[%emt 0:00:00]} 19. Rxh8 {[%emt 0:00:01] Grazie gibt auf (Lag: Av=0.38s, max=0.5s)} 1-0

[Event "Stay Safe Play From Home 292"]
[Site "Emanuel Lasker Arena"]
[Date "2020.07.10"]
[Round "7"]
[White "MarkonY"]
[Black "Haxhi Baha"]
[Result "1-0"]
[WhiteElo "2288"]
[BlackElo "2007"]
[Annotator "TA"]
[PlyCount "85"]
[EventDate "2020.07.10"]
[EventType "swiss (blitz)"]

{[%evp 9,85,44,26,28,38,8,21,17,80,80,77,67,100,102,113,104,437,137,468,121,121,121,121,121,121,123,119,122,117,118,126,125,120,120,116,108,117,108,130,125,123,78,127,127,266,234,316,146,455,454,383,440,479,460,431,410,509,443,510,457,1029,1038,1298,1250,1416,1322,2706,1351,29985,29982,29987,29988,29988,29989,29990,29982,29981,29981]} 1. d4 d5 2. c4 e5 3. Nc3 exd4 4. Qxd4 Nc6 5. Qxd5 Be6 6. Qxd8+ {D08: Albin Counter Gambit.} Rxd8 7. Bg5 f6 8. Bf4 {[#] The position is equal.} Nb4 $146 (8... Bxc4 $11 {keeps the balance.} 9. e4 Bxf1 10. Kxf1 Bd6 11. Bxd6 Rxd6) ({Predecessor:} 8... g5 9. Bxc7 Rd7 10. Bg3 f5 11. e3 Nb4 12. Rc1 f4 13. exf4 Bf5 14. Be2 g4 {1-0 (25) Lafuente,P (2408)-Converset,J (2270) Buenos Aires 2006}) 9. Rc1 $16 Bxc4 {[#]} 10. a3 $1 {[%cal Ra3b4]} Nc6 11. Bxc7 Rd7 12. Bf4 Bc5 $2 {[%mdl 8192]} (12... g5 $16 {is tougher.}) 13. Nf3 $2 (13. Na4 $18 Rd4 14. Be3 Rd1+ 15. Rxd1 Bxe3 16. fxe3) 13... Nge7 $2 {[%mdl 8192]} (13... Be7 $16 14. e4 Bxf1 15. Rxf1 (15. Kxf1 Bd6 $16) 15... Bd6) 14. e3 $2 (14. Ne4 $18 {and White stays clearly on top.}) 14... Bxf1 15. Kxf1 Ng6 16. Bg3 Kf7 17. Ke2 Rhd8 18. Rhd1 Rxd1 19. Rxd1 Rxd1 20. Kxd1 a6 21. b4 Be7 22. h4 Ke6 23. h5 Nge5 24. Nxe5 fxe5 {[%mdl 4096] Endgame KBN-KBN} 25. Ke2 Kf5 26. Kd3 Kg4 {[#]} (26... Ke6 $16 27. Ke4 Bd6) 27. h6 $1 $18 {[%mdl 512]} gxh6 {[#]} 28. Nd5 (28. Ke4 $1 $18) 28... h5 $2 {[%mdl 8192]} (28... Kf5 $16 {is more resistant.}) 29. Nxe7 Nxe7 30. Bxe5 {KB-KN} h4 31. f3+ Kg5 32. Bh2 Nf5 33. e4 Ne7 34. Kd4 h5 (34... Kf6 $142 35. Bc7 Ke6) 35. f4+ Kg4 36. f5 h3 37. gxh3+ Kxh3 38. Bd6 (38. f6 $142 Nc6+ 39. Kd5 Kxh2 40. e5) 38... Ng8 39. e5 {White mates.} Kg4 40. f6 Nh6 41. e6 Kf5 42. f7 Kxe6 43. f8=Q {Accuracy: White = 66%, Black = 34%.} 1-0

[Event "Stay Safe Play From Home 292"]
[Site "Emanuel Lasker Arena"]
[Date "2020.07.10"]
[Round "7"]
[White "Little champs"]
[Black "SoulofWolf"]
[Result "1-0"]
[WhiteElo "2258"]
[BlackElo "2254"]
[Annotator "TA"]
[PlyCount "43"]
[EventDate "2020.07.10"]
[EventType "swiss (blitz)"]

{[%evp 9,43,16,22,7,31,11,10,11,6,9,10,0,0,-35,-31,-77,-18,-24,-20,-20,-9,-15,0,9,850,850,843,822,735,492,504,499,712,696,29992,29993]} 1. d4 c5 2. e3 e6 3. Nf3 Nf6 4. Be2 cxd4 5. exd4 d5 6. O-O {A46: 1 d4 Nf6 2 Nf3 e6: Torre, London and Colle Systems.} Be7 7. b3 O-O 8. Bb2 {The position is equal.} b6 9. Nbd2 Bb7 10. c4 Nbd7 11. cxd5 Nxd5 12. Rc1 N5f6 (12... Nf4 $17) 13. Nc4 $11 Rc8 14. Nfe5 {[#]} Re8 $146 ({Predecessor:} 14... Ne8 15. Bf3 Bxf3 16. Qxf3 Ndf6 17. Nc6 Qc7 18. Nxe7+ Qxe7 19. Ba3 Qd8 20. Bxf8 Kxf8 21. Rcd1 Nd5 {0-1 (43) Lippmann,U (1907)-Vaskovitch,M (1777) Bad Bevensen 2010}) 15. Bf3 Bxf3 16. Qxf3 {next Nc6 is good for White.} Nd5 $2 {[%mdl 8192] This move loses the game for Black.} (16... Nxe5 $11 17. dxe5 Nd5) 17. Qxf7+ $18 {[%mdl 64] [#] Double Attack} Kh8 18. Qxe6 {[%mdl 64] Threatening mate with Nf7+. Double Attack} Rf8 19. Nf7+ Rxf7 20. Qxf7 N7f6 (20... Qg8 $142) 21. Ne5 {[#] Hoping for Qe6.} Qd6 22. Rxc8+ {Accuracy: White = 73%, Black = 52%.} 1-0

[Event "Stay Safe Play From Home 292"]
[Site "Emanuel Lasker Arena"]
[Date "2020.07.10"]
[Round "7"]
[White "Lamborghini"]
[Black "AChessPlayer"]
[Result "0-1"]
[WhiteElo "2245"]
[BlackElo "2397"]
[Annotator "TA"]
[PlyCount "114"]
[EventDate "2020.07.10"]
[EventType "swiss (blitz)"]

{[%evp 14,114,29,33,33,21,45,16,18,15,34,0,0,0,0,-62,-8,-50,-27,-36,-27,-41,-31,-69,-58,-72,-59,-132,-87,-218,-231,-343,-374,-364,-359,-606,-339,-468,-456,-448,-445,-419,-362,-540,-395,-372,-375,-378,-384,-596,-550,-652,-387,-377,-359,-420,-339,-332,-282,-277,-277,-393,-393,-377,-364,-965,-468,-572,-560,-783,-565,-523,-447,-709,-699,-689,-572,-681,-668,-768,-724,-1252,-1260,-1627,-1516,-1442,-1451,-12832,-1079,-1733,-1760,-12845,-3835,-12843,-12843,-12848,-12849,-12849,-12850,-29984,-12849,-12848,-12848]} 1. e4 c6 2. d4 d5 3. Nc3 dxe4 4. Nxe4 Nf6 5. Nxf6+ exf6 6. c3 Bd6 7. Bd3 O-O 8. Qc2 Re8+ {B15: Caro-Kann: 3 Nc3: 3...g6 and 3...dxe4 4 Nxe4 Nf6 5 Nxf6+ exf6.} 9. Ne2 h5 10. h3 Nd7 {The position is equal.} 11. Be3 Nf8 12. O-O-O Be6 13. Kb1 b5 {[#]} 14. Nc1 $146 ({White should try} 14. Rhg1 $11) ({Predecessor:} 14. Rhg1 Qd7 15. g4 h4 16. g5 f5 17. d5 Bxd5 18. Bxf5 Qc7 19. Rg4 Ng6 20. Nd4 {½-½ (67) Gutenev,A (2456)-Indjic,A (2604) Sochi 2018}) 14... a5 (14... Bd5 $15) 15. Be2 g6 16. g4 h4 17. Bd3 Bd5 18. Rhg1 a4 19. a3 Qd7 20. Bd2 (20. Rge1 $15) 20... Ne6 21. g5 {[#]} (21. Rge1 $17) 21... f5 $1 $19 (21... Nxg5 {[#]} 22. Bxg6 $1 {[%mdl 512]} fxg6 23. Qxg6+ Qg7 24. Qxg7+ Kxg7 25. f4 $17) 22. f4 (22. Rge1 {was called for.}) 22... Nxf4 23. Bxf4 Bxf4 24. Ne2 $2 (24. Rgf1 Bxg5 25. Rg1) 24... Bd6 25. c4 bxc4 26. Bxc4 Be4 27. Bd3 Rab8 {Strongly threatening ...Bxa3.} 28. Nc3 (28. Bxe4 $142 Rxe4 29. Ka1) 28... Bxd3 29. Rxd3 Bxa3 30. Nxa4 Bb4 31. d5 (31. Rgd1 $142) 31... cxd5 32. Rgd1 d4 33. Rxd4 Qb5 34. Rd5 Qb7 35. Rd7 Qe4 36. Qxe4 Rxe4 ({Don't play} 36... fxe4 37. Kc2 $19) 37. Rd8+ (37. R7d4 {is a better defense.}) 37... Rxd8 38. Rxd8+ {[%mdl 4096] Endgame KRB-KRN} Kg7 39. Nb6 $2 (39. Rd3) 39... Be7 (39... Ba5 $142 40. Rd6 Bxb6 41. Rxb6 Re3) 40. Rd7 Bxg5 41. Nd5 Bd2 42. Kc2 Ba5 43. b4 (43. Kd3 $142 Be1 44. Re7) 43... Bxb4 44. Kd3 Bf8 45. Nc3 Rb4 46. Nd5 Rb3+ 47. Kc4 Rxh3 48. Nf4 Rf3 49. Ne6+ Kg8 50. Ng5 Rf4+ 51. Kd5 Rg4 52. Nxf7 Bg7 53. Ke6 Re4+ 54. Kd6 Rd4+ 55. Ke6 Rxd7 56. Ng5 Rd4 (56... Rd3 $142 57. Ke7 h3 58. Nxh3 Rxh3 59. Kd7 f4 60. Kc6 f3 61. Kc7 f2 62. Kd7 f1=Q 63. Kd6 Rc3 64. Ke6 Rd3 65. Ke7 Qf7#) 57. Ke7 {[#]} Re4+ $1 {Black took control after the opening. Accuracy: White = 25%, Black = 61%.} 0-1